000 01031nam a2200313Ia 4500
003 OSt
005 20221007123636.0
006 a|||||r|||| 00| 0
007 ta
008 221006b |||||||| |||| 00| 0 eng d
020 _a0074636820 (pbk)
_cRs.299.00
024 _a77442
037 _b1874, 28/03/2007, Unilib Book Distributors
_cTextbook
040 _aPAPL
_cPAPL
_beng
041 _2eng
_aeng
082 _aD65,4, N3;2-;4 Carpa
100 _aKennedy George
245 0 _aElectronic communication systems
_b Davis Bernard
250 _a4
260 _aNew
_bDelhi Tata McGraw-Hill Publishing Company Ltd.
_c1993
300 _axv,763p.
_ccm.
500 _aAppendix 741-744p; Index 745-763p
650 _a Communication system
_9717555
650 _a Telecommunication
_9235632
650 _aPhysics
700 _a Davis Bernard
942 _hD65,4, N3;2-;4 Carpa
_cTB
_2CC
999 _c1212246
_d1212246